000 01274nam0a22002891 4500
001 v19\rc\1776668
005 20250619072338.0
035 _a(NLR Aleph) 004872168
090 _a5104303
_c5104303
100 _a20061204e19041904|||y0rusy50 ca
101 1 _arus
_cger
102 _aRU
105 _ay z |||||
200 1 _a!Извлечение из собрания отзывов и докладов врачей о применении и действии нафталана
_fПер. с нем. К.С.
205 _a[Рекламное изд.]
210 _aТифлис
_cтип. Я.И. Либермана
_d1904
215 _a148 с.
_d15
300 _aВведение: Энг Егер. Изобретатель и фабрикант целебного свойства "Naftalan"
488 0 _12001#$aСобрание отзывов и докладов врачей о применении и действии нафталана
_tСобрание отзывов и докладов врачей о применении и действии нафталана
702 0 _aК. С.
_4730
801 0 _aRU
_bNLR
_gpsbo
801 0 _aRU
_bRuMoRGB
_2psbo
801 1 _aRU
_bProSoft-M
_2rusmarc
852 _aNLR
_j38.6.8.4
899 _aБАН
942 _cBOOK
980 _aNB